El huaso

Gespeichert in:
Bibliographische Detailangaben
1. Verfasser: Lago, Tomás (VerfasserIn)
Format: Buch
Sprache:Spanisch
Veröffentlicht: Santiago Sudamericana Chilena 1999
Ausgabe:1a. ed
Schlagworte:
Tags: Tag hinzufügen
Keine Tags, Fügen Sie den ersten Tag hinzu!

MARC

LEADER 00000nam a2200000 a 4500
001 UCK6616
003 CL-VaPUC
008 051007e19990000CL |||||||||||||||||spa|d
020 |a 9562620859 
082 0 4 |a 398  |b LAG  |2 21 
100 |a Lago, Tomás  |e author  |9 508674 
245 1 3 |a El huaso 
250 |a 1a. ed 
300 |a 221 p 
942 |c BK 
945 |d 20051007 00:00:00  |a castudil 
260 |a Santiago  |b Sudamericana Chilena  |c 1999 
650 0 |a Vestimenta  |9 265323 
650 7 |a FOLKLORE  |2 CL-VaPUC  |9 268291 
650 7 |a CABALLOS  |2 CL-VaPUC  |9 269057 
650 7 |a EQUITACION  |2 CL-VaPUC  |9 368806 
650 0 |a Vida rural  |9 373430 
650 7 |a HUASOS  |2 CL-VaPUC  |9 496092 
650 7 |a CRIOLLOS  |2 CL-VaPUC  |9 373432 
650 7 |a FIESTAS PATRIAS  |2 CL-VaPUC  |9 373433 
651 7 |a CHILE  |2 CL-VaPUC  |9 496093 
583 |a last modification  |c 20051007 00:00:00  |k Rodrigo Vera 
999 |c 314889  |d 314887 
952 |0 0  |1 0  |4 0  |6 398_000000000000000_LAG_1999  |7 0  |8 X  |9 387676  |a FDOMLP  |b FDOMLP  |d 2019-11-22  |i 4110714  |o 398 LAG 1999  |p 4110714  |r 2019-11-22  |w 2019-11-22  |y BK_X  |k BU2